Prime 4 Posizioni ai Mondiali di Calcio - Statistics

Statistiche generali
  • Questo quiz è stato fatto 706 volte
  • Il punteggio medio è 19 su 25
Statistiche sulle risposte
Primo posto Secondo Posto Terzo posto Quarto posto Nazionale % Corretto
5 2 2 2 Brasile
100%
4 4 4 1 Germania / Germania Ovest
100%
4 2 1 1 Italia
100%
3 3 - - Argentina
99%
2 2 2 1 Francia
99%
1 - - 1 Spagna
97%
2 - - 3 Uruguay
95%
1 - - 2 Inghilterra
93%
- 3 1 1 Paesi Bassi
91%
- 1 2 - Croazia
87%
- - 1 1 Portogallo
87%
- - 1 1 Belgio
79%
- 1 2 1 Svezia
76%
- - - 1 Marocco
74%
- - 1 - Stati Uniti
69%
- 2 - - Ungheria
64%
- - 1 - Cile
63%
- - 2 - Polonia
63%
- - - 1 Corea del Sud
58%
- - 1 - Turchia
56%
- - - 1 Unione Sovietica
52%
- - 1 1 Austria
51%
- - - 2 Jugoslavia
45%
- 2 - - Cecoslovacchia
43%
- - - 1 Bulgaria
41%
Nessun quiz corrispondente trovato
Distribuzione punteggi
Percentuale di utenti per punteggio
Percentile per numero di risposta
I tuoi punteggi nel tempo
Non hai fatto questo quiz